[Event "Your Next Move GCT 2018-Rapid"]
[Site "Leuven"]
[Date "2018.06.12"]
[Round "1"]
[White "Anand, Viswanathan"]
[Black "Mamedyarov, Shakhriyar"]
[Result "0-1"]
[WhiteElo "2822"]
[BlackElo "2766"]
[Annotator "TA"]
[PlyCount "102"]
[EventDate "2018.??.??"]
[EventType "tourn"]
[EventCountry "BEL"]
[SourceTitle "playchess.com"]
[Source "ChessBase"]
[SourceQuality "1"]

{[%evp 9,102,-15,-15,-22,0,-18,-20,-24,-27,-27,0,-22,0,-23,-31,-37,-24,-25,-6,-23,-27,-72,-68,-61,-59,-84,-77,-75,-74,-75,31,0,12,-126,-132,-133,-136,-129,-128,-120,-117,-123,-136,-316,-12,-7,-14,-14,-19,-12,-18,-20,-11,-88,-80,-106,0,0,0,-22,0,-153,0,-21,0,-152,-124,-242,-234,-377,-402,-396,-418,-396,-399,-390,-349,-418,-397,-599,-595,-626,-565,-506,-522,-587,-605,-1181,-1144,-925,-925,-4618,-783,-5903,-4680]} 1. e4 c5 2. Nf3 Nf6 3. Nc3 d5 4. e5 Nfd7 5. e6 fxe6 {LiveBook: 4 Games} 6. Bb5 {Threatens to win with Ng5. B29: Sicilian: 2 Nf3 Nf6 (Nimzowitsch Variation)} a6 $146 ({Predecessor:} 6... Nc6 7. O-O g6 8. Qe2 Bg7 9. Qxe6 Nb6 10. Bxc6+ bxc6 11. Qxc6+ Bd7 12. Qxc5 d4 {1-0 (40) Vachier Lagrave,M (2789)-Grachev,B (2654) Tbilisi 2017}) 7. Bxd7+ $1 Bxd7 8. O-O {The position is equal.} g6 9. d4 Bg7 10. dxc5 O-O 11. Re1 Nc6 12. Na4 Qa5 13. c3 Rad8 14. Be3 {[#]} d4 $1 {[%mdl 512]} 15. Bd2 (15. cxd4 Rxf3) 15... Nb8 $36 {[%mdl 2048] Black has good play.} 16. Nb6 dxc3 17. Bxc3 Bxc3 18. bxc3 Bc6 19. Qb3 Qxc5 ({Black should play} 19... Bxf3 $17 20. Qxe6+ Rf7 21. gxf3 Qxc3) 20. Nd4 Kh8 21. Rxe6 {[#]} (21. Qb2 $11 Qg5 22. g3) 21... Bxg2 $1 $17 {[%mdl 512]} 22. Kxg2 Qg5+ 23. Kf1 ({But not} 23. Kh1 $2 Rxf2 24. Rg1 Qh4 $19) 23... Qh4 {[%csl Gf8][%cal Rh4f2]} 24. f3 Qxh2 25. Rae1 {[#]} Nc6 $1 {[%mdl 512]} 26. R1e3 $2 (26. Qa3 $17) (26. Nxc6 Rxf3#) 26... Rf4 $2 ({Weaker is} 26... Nxd4 27. cxd4 Qh3+ 28. Kf2 $11) (26... g5 $19 27. R3e4 Qh3+ 28. Ke2 Qg2+ 29. Ke1 Nxd4 30. cxd4 Rxf3) 27. Rxc6 $1 $11 Qh1+ 28. Ke2 Qg2+ 29. Kd3 bxc6 30. Qe6 $1 {[%cal Re6e7]} Rxf3 31. Qxe7 (31. Qe5+ $1 $11 {remains equal.} Rf6 32. Qxe7 Qf1+ 33. Re2) 31... Rxe3+ 32. Qxe3 {Hoping for Qe5+.} Qxa2 ({Better is} 32... Qf1+ $1 $17 33. Kc2 Qf7 34. Qe5+ Kg8) 33. Qe5+ Kg8 {aiming for ...Qf7.} 34. Nc4 {Qe6+ is the strong threat.} Qb1+ 35. Kd2 $2 ({White has to play} 35. Ke2 $11 Qb7 36. Nd2) 35... Qa2+ (35... Qf5 $1 $17 {[%cal Rf5e5]} 36. Qxf5 gxf5) 36. Kd3 Qb1+ (36... Qf2 $11 37. Qe6+ Qf7 38. Qxc6 Qf5+ 39. Kd2 a5) 37. Kd2 $17 {Strongly threatening Qe6+.} Qf5 $1 {[%cal Rf5e5]} 38. Qe7 {[#]} (38. Qxf5 $17 gxf5 39. Ke3) 38... Qd7 $1 $19 {[%cal Rd7e7]} 39. Qb4 (39. Qxd7 $142 Rxd7 40. Ne5) 39... Qd5 {And now ...c5 would win.} 40. Ne3 c5 41. Nxd5 cxb4 42. Nxb4 a5 {[%cal Ba6a5,Ba5a4,Ba4a3][%mdl 32]} 43. Nbc6 {[#]} Ra8 $1 44. c4 (44. Ne5 {might work better.} Kg7 45. c4) 44... a4 {Black is clearly winning.} 45. Kc2 a3 46. Kb1 h5 {[%cal Bh7h5,Bh5h4,Bh4h3][%mdl 32]} 47. c5 h4 48. Ne5 h3 49. Ndf3 Ra5 50. Nd3 {[#]} g5 $1 {[%mdl 512]} 51. c6 (51. Nxg5 h2) 51... g4 {Precision: White = 38%, Black = 64%.} 0-1

[Event "Your Next Move GCT 2018-Rapid"]
[Site "Leuven"]
[Date "2018.06.12"]
[Round "1"]
[White "Nakamura, Hikaru"]
[Black "Giri, Anish"]
[Result "1-0"]
[WhiteElo "2813"]
[BlackElo "2779"]
[Annotator "TA"]
[PlyCount "81"]
[EventDate "2018.??.??"]
[EventType "tourn"]
[EventCountry "BEL"]
[SourceTitle "playchess.com"]
[Source "ChessBase"]
[SourceQuality "1"]

{[%evp 9,81,16,14,16,16,19,26,30,33,18,28,32,27,0,25,19,80,82,127,129,161,145,134,123,100,40,44,48,49,44,41,47,39,37,44,45,50,48,63,54,98,88,120,116,173,166,182,172,179,172,164,162,265,255,262,267,260,260,264,220,215,0,270,269,266,264,303,235,395,339,625,612,825,860]} 1. d4 d5 2. Bf4 Nf6 3. e3 Bf5 4. c4 e6 5. Nf3 Bxb1 6. Rxb1 {D02: 1 d4 d5 2 Nf3 sidelines, including 2...Nf6 3 g3 and 2...Nf6 3 Bf4} Bb4+ 7. Ke2 {aiming for c5.} dxc4 8. Qa4+ $1 {White has an edge.} Nc6 9. Ne5 a5 $146 ({Predecessor:} 9... Nd5 10. Nxc6 Qd7 11. Rc1 bxc6 12. Rxc4 Rb8 13. Qxc6 Nxf4+ 14. exf4 {½-½ (26) Karjakin,S (2773)-Wei,Y (2696) Bilbao 2016}) 10. Nxc6 Qd7 $1 11. Rc1 Nd5 12. Rxc4 Nb6 (12... O-O $11 {keeps the balance.}) 13. Qc2 $16 {[#] Ne5 is the strong threat.} Nxc4 14. Nxb4 Nxb2 15. Nd3 Nxd3 16. Qxd3 O-O 17. f3 ({White should try} 17. Kd2 $16) 17... Rfd8 $14 18. Kf2 {Threatens to win with Qb1.} c5 $1 {[%cal Rc5d4]} 19. Qb1 cxd4 20. exd4 Qxd4+ 21. Be3 Qd6 $1 22. Be2 {[%mdl 1024] White has compensation.} a4 23. Rc1 $36 {[%cal Bh1c1,Bc1c3,Bc3b3][%mdl 2080] White has some pressure.} a3 24. g3 b6 25. Rc3 Rdc8 26. Rb3 Qc7 (26... b5 $16 {was called for.} 27. Bd3 (27. Bxb5 Rab8 $16) 27... g6) 27. Bd3 $18 ({Not} 27. Bxb6 Qc2 $11) 27... h6 28. Bh7+ ({But not} 28. Rxb6 $6 Rab8 $16) 28... Kh8 {[#] Strongly threatening ...f5.} 29. Be4 $1 ({Inferior is} 29. Rxb6 g6 $17) 29... Ra6 30. Bxb6 Qc1 (30... Qd6 $142 31. Be3 Ra4) 31. Qxc1 Rxc1 32. Be3 {White threatens Rb8+ and mate.} Rc8 33. g4 Ra4 34. Bd3 Raa8 35. Be4 Ra4 36. Kg3 g5 37. Bd2 Kg8 38. Bc3 h5 $2 (38... Kf8 39. Be5 Ra5) 39. Bf6 hxg4 $2 (39... h4+ 40. Kh3 Ra5) 40. Kxg4 Ra5 41. f4 {Precision: White = 80%, Black = 37%.} 1-0

[Event "Your Next Move GCT 2018-Rapid"]
[Site "Leuven"]
[Date "2018.06.12"]
[Round "1"]
[White "Grischuk, Alexander"]
[Black "Aronian, Levon"]
[Result "1/2-1/2"]
[WhiteElo "2783"]
[BlackElo "2795"]
[Annotator "TA"]
[PlyCount "66"]
[EventDate "2018.??.??"]
[EventType "tourn"]
[EventCountry "BEL"]
[SourceTitle "playchess.com"]
[Source "ChessBase"]
[SourceQuality "1"]

{[%evp 10,66,2,8,20,18,18,16,21,11,39,34,34,31,33,31,35,20,31,38,30,28,42,11,10,18,14,0,7,0,22,0,0,0,19,0,0,0,0,0,0,0,0,0,0,0,0,0,0,0,0,0,0,0,0,0,0,0,0]} 1. d4 Nf6 2. Bf4 d5 3. e3 e6 4. Nd2 Bd6 5. Ngf3 Bxf4 6. exf4 {LiveBook: 20 Games} Nbd7 {D02: 1 d4 d5 2 Nf3 sidelines, including 2...Nf6 3 g3 and 2...Nf6 3 Bf4} (6... b6 7. Bd3 c5 8. c3 O-O 9. O-O Ba6 10. Bxa6 Nxa6 11. Ne5 Nc7 12. Qf3 Nb5 13. dxc5 bxc5 14. f5 exf5 15. Qxf5 {½-½ (53) Baron,T (2557)-Rodshtein,M (2698) Biel 2016}) 7. Bd3 c5 8. c3 Qb6 9. Rb1 Qd6 $146 ({Predecessor:} 9... cxd4 10. Nxd4 Nc5 11. Qe2 Bd7 12. O-O Nxd3 13. Qxd3 g6 14. Rfe1 {1-0 (62) Bernstein,O-Naegeli,O Zuerich 1934}) 10. g3 b6 11. O-O Bb7 12. Re1 O-O 13. a3 a5 14. Rc1 Rac8 15. Qe2 Nb8 16. Qf1 Nc6 {The position is equal.} 17. Qh3 h6 18. f5 exf5 19. Qxf5 Rce8 20. Bb5 Bc8 21. Qc2 Bd7 22. Bf1 Re6 23. Rxe6 Bxe6 24. Re1 Rc8 25. Qb1 cxd4 26. cxd4 Ne4 27. Nxe4 dxe4 28. Qxe4 Bd5 29. Qg4 Rd8 30. Re3 Be6 31. Qe4 Bd5 32. Qg4 Be6 33. Qe4 Bd5 {Precision: White = 60%, Black = 66%.} 1/2-1/2

[Event "Your Next Move GCT 2018-Rapid"]
[Site "Leuven"]
[Date "2018.06.12"]
[Round "1"]
[White "Vachier-Lagrave, Maxime"]
[Black "Karjakin, Sergey"]
[Result "1/2-1/2"]
[WhiteElo "2777"]
[BlackElo "2743"]
[Annotator "TA"]
[PlyCount "207"]
[EventDate "2018.??.??"]
[EventType "tourn"]
[EventCountry "BEL"]
[SourceTitle "playchess.com"]
[Source "ChessBase"]
[SourceQuality "1"]

{[%evp 21,207,0,6,15,12,16,23,23,16,14,23,0,30,33,42,28,23,27,13,4,21,6,27,16,46,0,0,0,-5,-10,0,-1,5,0,0,0,3,4,4,7,8,0,0,0,0,0,0,0,11,0,0,0,4,0,11,3,12,6,2,-31,-34,-32,-29,-39,-28,-33,-32,-30,-29,-40,-41,-33,-32,-35,-26,-42,-45,-162,-144,-153,-47,-50,-56,-65,-33,-28,-24,-27,-26,-33,-26,-33,-8,-33,-33,-33,-33,-33,-33,-33,-33,-55,-8,-8,-8,-12,-8,-8,-8,-33,0,-8,0,-33,-33,-33,-33,-33,-33,-33,-33,-62,-33,-33,-33,-33,-33,-33,-33,-33,-33,-43,-33,-33,-33,-33,-33,-33,-33,-33,-33,-33,-33,-33,-33,-33,-33,-33,-33,-33,-33,-33,-33,-33,-33,-33,-33,-33,-33,-33,-33,-33,-33,-33,-33,-33,-33,-33,-8,-8,-8,-8,-8,-33,0,-8,0,-8,0,-33,0,-33,-33,-33,-33,-33,-33,-33]} 1. e4 e5 2. Nf3 Nc6 3. Bc4 Bc5 4. c3 Nf6 5. d3 d6 6. O-O a6 7. a4 h6 8. Re1 {C54: Giuoco Piano: 4 c3 Nf6, main lines with 5 d4 and 5 d3} O-O 9. h3 a5 10. Nbd2 Be6 11. Bb5 Na7 {LiveBook: 4 Games} 12. d4 Nxb5 13. axb5 $146 ({Predecessor:} 13. dxc5 Na7 14. b3 Re8 15. cxd6 Qxd6 {½-½ (56) Vachier Lagrave,M (2789)-Grischuk,A (2783) Tbilisi 2017}) 13... exd4 14. Nxd4 Bd7 15. Nf1 Re8 16. Ng3 c6 17. bxc6 Bxc6 {[%cal Rf6e4]} 18. Nxc6 bxc6 19. Bf4 Qb6 20. Qc2 Rab8 21. Re2 Re6 22. Rae1 Rbe8 23. Qd3 (23. Nf5 $14) 23... Qb5 $11 24. Qxb5 cxb5 25. Kf1 a4 26. f3 Nd7 27. Nf5 Ne5 28. Be3 Nc4 29. Bd4 Bxd4 30. Nxd4 Re5 31. Nc6 Rc5 32. Nb4 g6 33. Kf2 Kg7 34. g4 Ra8 35. Ra1 Re8 36. Rae1 Ra8 37. Nd5 Rc6 38. Ra1 Nb6 39. Nb4 Rc5 40. Rd1 a3 41. bxa3 $1 Rxc3 42. Rxd6 Nc4 43. Rd3 Rxd3 44. Nxd3 Rxa3 $15 {[%mdl 4096] Endgame KRN-KRN} 45. Nb4 $1 Kf6 46. e5+ $1 Ke6 47. Nc2 Rd3 48. f4 h5 49. f5+ (49. Ne1 $1 $15 Rxh3 50. Nf3) 49... gxf5 $19 50. gxh5 f4 ({Don't play} 50... Rxh3 51. Nd4+ Kd7 52. Nxb5 $15) ({Black should try} 50... Nxe5 $17 {Hoping for ...f4.} 51. Re3 Rd2+ 52. Re2 Rd8) 51. h4 $15 Nxe5 52. h6 $1 {[%cal Bh5h6,Bh6h7][%mdl 32]} Kf6 53. h7 $1 {[%cal Rh7h8]} Ng4+ 54. Ke1 $1 Kg7 55. Re4 Ne3 56. Ke2 Rd5 57. Nd4 Nf5 58. Nxf5+ Rxf5 {KR-KR} 59. Kf3 Kxh7 60. Re8 Kg6 61. Rb8 Rc5 {next ...Kf5 is good for Black.} 62. Kxf4 Rc4+ 63. Kg3 b4 64. Rb5 Rc3+ 65. Kf4 Rc4+ (65... Rb3 {keeps more tension.} 66. h5+ Kh6 67. Rf5 Rb1 68. Ke3 Kg7) 66. Kg3 Rc3+ 67. Kf4 Rb3 68. h5+ Kh6 69. Rf5 Rb1 {[#] ( -> ...Rf1+)} 70. Ke3 b3 71. Kd2 Kg7 (71... Rh1 $5 {[%cal Rb3b2]} 72. Kc3 Rh3+ 73. Kb2 Kg7 $17) 72. Rf3 b2 73. Kc2 Rh1 74. Kxb2 Rxh5 75. Kc3 Rd5 76. Kc4 Rd8 77. Rg3+ Kh6 78. Rf3 Kg6 79. Rg3+ $1 Kh5 80. Rf3 Rd7 81. Rf1 $1 Kg4 {[#] And now ...f5 would win.} 82. Rg1+ $1 Kf3 83. Rf1+ Ke4 84. Re1+ $1 Kf4 85. Rf1+ Ke5 86. Re1+ Kf5 87. Rf1+ Kg6 88. Rg1+ $1 Kh7 89. Rh1+ Kg7 90. Rg1+ Kf8 91. Rf1 Rd6 92. Kc5 $1 {[%cal Rc5d6]} Rd2 93. Kc4 Rd8 94. Kc5 Kg7 95. Rg1+ Kh6 {White must now prevent ...f5.} 96. Rh1+ Kg5 {Threatens to win with ...f5.} 97. Rg1+ Kh6 {aiming for ...f5.} 98. Rh1+ Kg7 99. Rg1+ $1 Kf8 100. Rf1 Rd2 101. Kc4 Ke7 {Black is slightly better.} 102. Re1+ Kd6 103. Rf1 Ke6 104. Re1+ {Precision: White = 80%, Black = 58%.} 1/2-1/2

[Event "Your Next Move GCT 2018-Rapid"]
[Site "Leuven"]
[Date "2018.06.12"]
[Round "1"]
[White "Caruana, Fabiano"]
[Black "So, Wesley"]
[Result "0-1"]
[WhiteElo "2753"]
[BlackElo "2763"]
[Annotator "TA"]
[PlyCount "96"]
[EventDate "2018.??.??"]
[EventType "tourn"]
[EventCountry "BEL"]
[SourceTitle "playchess.com"]
[Source "ChessBase"]
[SourceQuality "1"]

{[%evp 22,96,10,13,22,11,19,0,0,0,0,-7,-10,-13,-16,-27,-4,-8,0,-12,-13,-26,-10,-16,-16,-16,0,0,0,-5,-4,-17,-14,-16,-4,-6,0,-70,-68,-55,-65,-53,-67,-117,-113,-118,-118,-129,-128,-124,-129,-124,-126,-134,-132,-177,-184,-200,-218,-336,-333,-337,-319,-471,-467,-706,-706,-3497,-3424,-29980,-29977,-29977,-29978,-29989,-29990,-29990,-29991]} 1. e4 e5 2. Nf3 Nc6 3. Bb5 a6 4. Ba4 Nf6 5. O-O Be7 6. d3 b5 7. Bb3 d6 8. a4 Bd7 9. c3 {C84: Closed Ruy Lopez: Unusual White 6th moves} O-O (9... Na5 10. Ba2 bxa4 11. Nbd2 O-O 12. Bb1 Bb5 13. Bc2 Nb7 14. c4 Bd7 15. Bxa4 Bxa4 16. Qxa4 Nc5 {½-½ (53) Carlsen,M (2837)-Ding,L (2774) Saint Louis 2017}) 10. Bc2 Re8 11. Re1 h6 12. Nbd2 {LiveBook: 10 Games} b4 $146 ({Predecessor:} 12... Bf8 13. Nf1 d5 14. exd5 Nxd5 15. Ng3 b4 16. Bd2 Rb8 17. a5 bxc3 18. bxc3 Qf6 19. Bb3 Nf4 20. Ne4 Qd8 21. Bxf4 exf4 {½-½ (43) Jakovenko,D (2731)-Bu,X (2723) Sochi 2016}) 13. d4 Rb8 14. d5 bxc3 15. bxc3 Na5 16. Ba3 c6 17. c4 Qc7 18. Bd3 Nb7 19. Nb3 a5 20. Bc1 Bg4 21. Be3 Nd7 22. h3 Bxf3 23. Qxf3 Nbc5 24. Nxc5 Nxc5 25. Bxc5 (25. Ra3 {is interesting.} Rb2 26. Qg4 Bg5 27. Bxc5 dxc5 28. h4) 25... dxc5 26. Bf1 Rb4 27. Red1 Reb8 28. g3 cxd5 29. exd5 ({White should play} 29. Rxd5 $11 Qc8 30. h4) 29... Bd6 30. h4 Qd7 31. Bd3 g6 32. g4 Qe7 ({Of course not} 32... Rxa4 $6 33. h5 $11) 33. h5 Qg5 34. hxg6 fxg6 35. Qg2 {[#]} Rf8 $1 {Hoping for ...Rb2.} 36. Re1 Rb3 37. Re3 Rf4 38. Bf5 Rb2 39. Be6+ Kg7 40. Rf1 (40. Re4 $142) 40... Rxc4 $19 41. Qg3 Rbb4 {[%cal Bb2b4,Bb4b8,Bb8h8][%mdl 32]} (41... Rxa4 42. Ra3 $19) 42. Qh2 (42. Qh3 $142) 42... Rf4 43. Kh1 (43. Qh3 $142 c4 44. Rc3) 43... e4 44. f3 h5 ({Weaker is} 44... Rxf3 45. Rexf3 exf3 46. Qxd6 $16) 45. Qh3 hxg4 {Black mates.} 46. Bxg4 Rb8 47. Qg3 Rh8+ 48. Kg2 Rxg4 {Precision: White = 45%, Black = 77%.} 0-1

[Event "Your Next Move GCT 2018-Rapid"]
[Site "Leuven"]
[Date "2018.06.12"]
[Round "2"]
[White "Aronian, Levon"]
[Black "Nakamura, Hikaru"]
[Result "1-0"]
[WhiteElo "2795"]
[BlackElo "2813"]
[Annotator "TA"]
[PlyCount "141"]
[EventDate "2018.??.??"]
[EventType "tourn"]
[EventCountry "BEL"]
[SourceTitle "playchess.com"]
[Source "ChessBase"]
[SourceQuality "1"]

{[%evp 21,141,4,18,0,5,0,0,-2,0,-37,-31,-52,0,-47,-13,-14,-14,-8,-10,-8,-16,-8,-12,-13,-12,-23,-13,-22,-13,-14,-8,-5,-8,-58,-60,-61,-22,-26,0,0,-12,-12,0,0,0,0,14,0,0,0,0,0,0,0,0,0,8,0,68,25,70,70,70,70,93,63,177,177,169,162,155,93,93,0,0,0,0,29972,29972,29973,29972,29973,29968,0,0,0,0,0,0,0,0,0,0,0,0,0,0,0,0,0,0,0,0,0,0,0,0,0,2,0,756,6444,29985,29986,29986,29987,29987,29988,29988,29989,29989,29988]} 1. c4 Nf6 2. Nf3 e6 3. g3 d5 4. Bg2 Be7 5. O-O O-O 6. b3 c5 7. Bb2 Nc6 8. cxd5 Nxd5 9. Nc3 b6 10. Nxd5 exd5 11. d4 Be6 {LiveBook: 7 Games} 12. Qb1 $146 {A14: English Opening: 1...e6 with b3 by White} ({Predecessor:} 12. Rc1 a5 13. dxc5 bxc5 14. Ne1 Qb6 15. Bxd5 Rad8 16. e4 Nb4 17. Qe2 Nxd5 18. exd5 Rxd5 19. Ng2 Rfd8 20. Bc3 Bg5 21. f4 Bf6 22. Bxf6 gxf6 23. Qe3 Bh3 24. Rc2 Rd3 25. Qf2 Rd1 26. Rc1 R1d2 {0-1 (26) Zherebukh,Y (2633)-Ter Sahakyan,S (2553) chess.com INT 2018}) 12... a5 13. Rd1 Ra7 14. Bc3 {The position is equal.} a4 15. bxa4 Rxa4 16. Qb5 Rc4 (16... Qa8 $15) 17. Rac1 Bf6 (17... Qa8 {looks sharper.} 18. Ne5 Nxe5 19. dxe5 Qa3 20. Bb2 Qa4) 18. Qxc6 cxd4 19. Bxd4 Rxc6 20. Rxc6 Qa8 21. Rxb6 Qa4 $36 {[%mdl 2048] Black fights for an advantage.} 22. Rd2 Rc8 {And now ...Rc1+ would win.} 23. h4 Bd8 24. Rb3 h6 25. Kh2 Bf5 26. Rdb2 Bc7 27. Be5 Bxe5 28. Nxe5 Qe8 29. Nf3 Be4 30. Bh3 Ra8 31. Nd4 Qe5 32. e3 g5 {Hoping for ...gxh4.} 33. h5 Ra6 34. Rb6 Rxb6 35. Rxb6 Qc7 36. Rxh6 Qa5 37. Bg2 Qxa2 38. Bxe4 dxe4 $11 {[%mdl 4096] Endgame KQ-KRN} 39. Kg2 Kg7 (39... Qa1 $11) 40. Rd6 $14 g4 41. Nf5+ Kh7 42. Rf6 Qb3 43. Nh6 Qd5 ({Black should try} 43... Kg7 $1 $14 44. Nxg4 Qd5) 44. Nxf7 $18 ({Don't take} 44. Nxg4 $6 Kg7 $16) 44... Kg7 45. Rf4 {aiming for h6+.} Kh7 {[#]} 46. h6 (46. Kg1 $142 $1) 46... Kg6 $16 47. Rxg4+ $2 {[%mdl 8192]} (47. Kg1 $16) 47... Kxf7 {KQ-KR} 48. h7 Qh5 49. Rh4 Qf3+ 50. Kg1 Qd1+ 51. Kh2 Qe2 {[#]} 52. h8=Q $2 (52. Rh6 $1 {mates} Qxf2+ 53. Kh3 Qf1+ 54. Kh4 Qh1+ 55. Kg5 Qg1 56. h8=Q Qxg3+ 57. Kf5 Qf2+ 58. Kxe4 Qg2+ 59. Kd4 Qd2+ 60. Kc4 Qa2+ 61. Kb4 Qb1+ 62. Kc5 Qc2+ 63. Kd6 Qd3+ 64. Kc7 Qc2+ 65. Rc6) 52... Qxf2+ $11 53. Kh3 Qf5+ 54. Kg2 Qf3+ 55. Kg1 Qxe3+ 56. Kf1 $1 Qf3+ 57. Ke1 Qxg3+ 58. Kd2 {Rh7+ would kill now.} Qd3+ 59. Kc1 Qc4+ 60. Kb2 Qb4+ 61. Kc2 Qc5+ 62. Kd1 Qg1+ 63. Ke2 {Threatening mate with Rh7+.} Qg2+ 64. Ke3 {White threatens Rh7+ and mate.} Qf3+ 65. Kd4 {Intending Rh7+ and mate.} Qd3+ $4 {[%mdl 8192]} (65... Qf2+ $11 66. Ke5 Qb2+ 67. Kf5 Qxh8 68. Rxh8 Ke7 69. Kxe4 Kd6 70. Rh5 Ke6) 66. Ke5 $18 {White wants to mate with Rh7+.} Qc3+ 67. Kf5 {White mates.} Qc5+ 68. Qe5 Qc8+ 69. Kg5 Qd8+ 70. Kh5 Qd1+ 71. Rg4 {Precision: White = 67%, Black = 48%.} 1-0

[Event "Your Next Move GCT 2018-Rapid"]
[Site "Leuven"]
[Date "2018.06.12"]
[Round "2"]
[White "Giri, Anish"]
[Black "Anand, Viswanathan"]
[Result "1-0"]
[WhiteElo "2779"]
[BlackElo "2822"]
[Annotator "TA"]
[PlyCount "81"]
[EventDate "2018.??.??"]
[EventType "tourn"]
[EventCountry "BEL"]
[SourceTitle "playchess.com"]
[Source "ChessBase"]
[SourceQuality "1"]

{[%evp 22,81,19,31,38,30,175,46,58,22,25,25,28,23,35,18,21,22,22,20,10,22,47,37,40,51,84,84,81,79,100,86,133,128,160,157,157,136,140,139,160,146,139,135,141,150,91,91,1100,1079,1078,984,869,608,1385,1343,1306,1285,1064,949,787,720]} 1. e4 e5 2. Nf3 Nc6 3. Bb5 a6 4. Ba4 Nf6 5. O-O Nxe4 6. d4 b5 7. Bb3 d5 8. dxe5 Be6 9. c3 Bc5 10. Qd3 O-O 11. Be3 f6 12. exf6 Qxf6 {C82: Open Ruy Lopez: 9 c3 without 9...Be7} 13. Nbd2 Nxd2 {[#]} (13... Bxe3 $11 14. Qxe3 Nxd2 15. Qxd2 Rad8) (13... Bxe3 14. Qxe3 Nxd2 15. Qxd2 Rad8 16. Rae1 Na5 17. Qd4 Qxd4 18. Nxd4 Bf7 19. Ne6 Bxe6 20. Rxe6 {½-½ (28) Malashenkov,A (2436)-Kerr,S (2440) ICCF email 2016}) 14. Qxd2 (14. Ng5 $1 $18 {[%csl Gg5][%cal Rd3h7]} Qf5 15. Qxf5 Rxf5 16. Bxd2) 14... Bxe3 $14 {White is slightly better.} 15. fxe3 {Strongly threatening Nd4.} Na5 16. Bxd5 Nc4 $1 {[%cal Rc4d2]} 17. Bxc4 Bxc4 18. Rf2 $146 ({Predecessor:} 18. Rfe1 Rad8 19. Qf2 Qg6 20. e4 {1-0 (39) Szilagyi,P-Honfi,K Pecs 1964}) 18... Rad8 19. Nd4 Qg6 20. Rxf8+ Rxf8 21. b3 Bd3 {[#]} 22. Ne6 $1 $36 {[%mdl 2560] White has the initiative.} Qxe6 23. Qxd3 {[%mdl 4096] Endgame KQR-KQR} c5 24. e4 Re8 {[#]} 25. Re1 $1 Qe5 26. c4 h6 27. Qd5+ Kh7 28. Qxe5 Rxe5 29. cxb5 axb5 $16 {KR-KR} 30. Kf2 Kg6 31. Ke3 Re7 32. Rc1 Rc7 33. a4 bxa4 34. bxa4 {Ra1 is the strong threat.} Kf6 $2 {[%mdl 8192]} (34... Ra7 $16) 35. a5 $18 {[%cal Ba4a5,Ba5a6,Ba6a7][%mdl 32] White is clearly winning.} c4 36. a6 c3 37. Ra1 Rc8 38. a7 c2 39. Kd2 Ke5 40. Kc1 Ra8 41. Ra4 {Precision: White = 75%, Black = 42%.} 1-0

[Event "Your Next Move GCT 2018-Rapid"]
[Site "Leuven"]
[Date "2018.06.12"]
[Round "2"]
[White "So, Wesley"]
[Black "Mamedyarov, Shakhriyar"]
[Result "1-0"]
[WhiteElo "2763"]
[BlackElo "2766"]
[Annotator "TA"]
[PlyCount "103"]
[EventDate "2018.??.??"]
[EventType "tourn"]
[EventCountry "BEL"]
[SourceTitle "playchess.com"]
[Source "ChessBase"]
[SourceQuality "1"]

{[%evp 19,103,0,14,0,14,0,14,0,0,12,13,10,0,0,0,0,20,0,0,0,0,0,0,0,0,0,0,0,0,-20,-14,-55,0,0,0,0,0,0,61,0,95,93,107,107,97,72,80,77,70,77,70,70,67,70,70,71,104,70,115,121,123,72,69,51,55,0,0,0,0,0,0,0,0,0,0,0,0,0,0,0,0,0,29973,29974,29965,29974]} 1. d4 Nf6 2. c4 e6 3. g3 d5 4. Bg2 dxc4 5. Nf3 a6 6. O-O Nc6 7. e3 Rb8 8. Qe2 {E04: Open Catalan: 5 Nf3} b5 9. b3 cxb3 10. axb3 Bd6 {LiveBook: 5 Games} 11. Rd1 $146 ({Predecessor:} 11. Bb2 O-O 12. Rc1 Bb7 13. Ne5 Nb4 14. Bxb7 Rxb7 15. Nc6 Qa8 {½-½ (40) Le,Q (2737)-Mamedyarov,S (2799) Huaian 2017}) 11... Qe7 12. Bb2 O-O 13. Rc1 Bb7 14. Ne5 Nb4 15. Bxb7 Rxb7 16. Nc6 Nxc6 17. Rxc6 e5 18. dxe5 Bxe5 19. Bxe5 Qxe5 20. Raxa6 Rd8 21. Ra2 h5 22. Nd2 h4 $1 23. Nf3 Qe4 24. Rc1 h3 25. Rac2 Nd5 ({Black should play} 25... Rd3 $15) 26. Ne1 Nb4 27. Rd2 $36 {[%mdl 2048] Black is under pressure.} Rxd2 28. Qxd2 {Hoping for Qd7.} Ra7 (28... Nd5 $11) 29. Qd7 (29. Qd8+ $14 Kh7 30. Qd7) 29... Ra8 (29... f5 $1 $11 {keeps the balance.}) 30. Qxh3 $16 (30. Rxc7 {is a self mate.} Qg2+ $1 {[%mdl 512]} 31. Nxg2 Ra1+ 32. Rc1 Rxc1+ 33. Qd1 Rxd1+ 34. Ne1 Rxe1#) 30... Nd3 31. Nxd3 Qxd3 {[%mdl 4096] Endgame KQR-KQR} 32. b4 Qd2 33. Qf1 ({Don't go for} 33. Rxc7 $2 Ra1+ 34. Qf1 Rxf1+ 35. Kxf1 Qxb4 $19) 33... Qxb4 34. Rb1 Qc3 35. Qxb5 Ra1 36. Qe8+ Kh7 37. Rxa1 Qxa1+ $14 {KQ-KQ} 38. Kg2 Qf6 39. Qd7 c6 40. h4 ({White should try} 40. e4) 40... g6 $16 41. g4 {Black must now prevent g5.} Kg8 $1 42. g5 (42. f3 $14) 42... Qc3 $11 43. Qd8+ Kh7 $1 44. Qd4 Qc2 45. Qf4 Kg8 46. e4 c5 47. Qb8+ Kh7 48. Qe8 Kg7 49. Qe5+ Kg8 50. Qd5 {aiming for h5.} c4 $2 {[%mdl 8192] [#]} (50... Qe2 $11) 51. h5 $1 {[%cal Bh4h5,Bh5g6][%mdl 544]} Qd3 (51... gxh5 52. g6) 52. hxg6 {Precision: White = 64%, Black = 88%.} 1-0